00646nam a2200205Ia 450000500170000000800410001702000290005804000190008704100120010608200150011810000190013324500460015226000500019830000160024865000400026485000100030494200070031499900170032195201020033820240401110409.0131103s9999 xx 000 0 und d a0 590 20932 xcRs.200.00 aLoreto College aEnglish a420.7bMCC aMcCarthy, Tara aTeaching literary elementscTara McCarthy aNew YorkbScholastic Professional Booksc1998 a61p.b ill. aEnglish language - Study & teaching aLCBED cBK c27834d78313 00102ddc4070aMAINbMAINd2013-11-04l0o420.7 MCC 12386pB30679r2013-11-04w2013-11-04yBKf